[Event "Lansing (Apr)"]
[Site "?"]
[Date "1992.??.??"]
[Round "?"]
[White "Bohnhorst, B."]
[Black "Kreucher, K."]
[Result "1/2-1/2"]
[WhiteElo "1605"]
[BlackElo "1605"]
[PlyCount "177"]
[EventDate "1992.??.??"]

1. e4 e5 2. Nf3 Nf6 3. Nc3 Bc5 4. Bc4 d6 5. O-O Nc6 6. Bb5 Bd7 7. Bxc6 Bxc6 8.
Re1 O-O 9. d3 h6 10. Be3 Bb4 11. Qd2 Bd7 12. h3 Re8 13. a3 Ba5 14. b4 Bb6 15.
Bxb6 cxb6 16. Rad1 Rc8 17. Re3 Qc7 18. d4 Rcd8 19. a4 a6 20. d5 b5 21. axb5
Bxb5 22. Nxb5 axb5 23. Qd3 Re7 24. Nh4 Qb6 25. Nf5 Rc7 26. Re2 Rc4 27. Rb1 Nh5
28. Qf3 Nf4 29. Rd2 Rd7 30. Qg4 Ng6 31. Nxh6+ gxh6 32. Qxd7 Rxe4 33. Qf5 Rf4
34. Qd3 e4 35. Qe3 Qd8 36. g3 Qg5 37. Rd4 f5 38. Kf1 Rf3 39. Qxg5 hxg5 40. Ra1
e3 41. Ke2 Rxf2+ 42. Kxe3 Rxc2 43. Rd2 Rc3+ 44. Rd3 Rc4 45. Kd2 Rxb4 46. Ra8+
Kg7 47. Ra7 Ne5 48. Rxb7+ Kf6 49. Ra3 Rd4+ 50. Kc2 Rxd5 51. Ra5 Rd3 52. h4 Kg6
53. Raxb5 Rxg3 54. hxg5 Rxg5 55. R7b6 Nf7 56. Rd5 Rg2+ 57. Kd1 Kg5 58. Rbb5 Rf2
59. Rd2 Rf1+ 60. Ke2 Rf4 61. Ke3 Re4+ 62. Kd3 Ne5+ 63. Kc3 Nc4 64. Rd4 Rxd4 65.
Kxd4 Ne5 66. Rd5 Nf7 67. Ke3 Kf6 68. Kf4 Ke6 69. Rxf5 d5 70. Rh5 Kd6 71. Ke3
Kc5 72. Kd3 Nd6 73. Rh4 Nf5 74. Ra4 Ng3 75. Ra5+ Kd6 76. Kd4 Ne2+ 77. Ke3 Nc3
78. Kd3 Ne4 79. Ra4 Ke5 80. Ra8 Nc5+ 81. Kd2 d4 82. Re8+ Kd5 83. Rd8+ Kc4 84.
Rb8 d3 85. Ke3 Kc3 86. Rd8 Kc4 87. Rd4+ Kc3 88. Rd5 Kc4 89. Rxc5+ 1/2-1/2

[Event "Lansing (Aug)"]
[Site "?"]
[Date "1992.??.??"]
[Round "?"]
[White "Bohnhorst, B."]
[Black "Caron, L."]
[Result "1-0"]
[WhiteElo "1605"]
[BlackElo "1605"]
[PlyCount "119"]
[EventDate "1992.??.??"]

1. e4 e5 2. Nf3 Nc6 3. Bb5 a6 4. Bxc6 bxc6 5. O-O d6 6. d4 Qe7 7. dxe5 dxe5 8.
b3 g6 9. Bb2 Bg7 10. Nbd2 Qe6 11. Nc4 f6 12. Qd3 Ne7 13. Rad1 O-O 14. g3 Bb7
15. Qd7 Qxd7 16. Rxd7 Rfe8 17. Rfd1 Rac8 18. Ba3 Kf7 19. h4 h5 20. Kg2 Bh6 21.
Kh3 Ke6 22. Bxe7 Rxe7 23. Rxe7+ Kxe7 24. Ng1 Rd8 25. Rxd8 Kxd8 26. Ne2 Bc8+ 27.
Kg2 Bg4 28. f3 Be6 29. Na5 Kd7 30. Nc3 f5 31. Nb7 f4 32. Nc5+ Kd6 33. Nxa6 fxg3
34. Kxg3 Bf4+ 35. Kg2 c5 36. a4 c6 37. a5 g5 38. Ne2 gxh4 39. Nxf4 exf4 40. Kh2
c4 41. b4 Bc8 42. Nc5 Kc7 43. c3 h3 44. e5 h4 45. a6 Kb6 46. e6 Bxe6 47. Nxe6
Kxa6 48. Nc5+ Kb5 49. Kxh3 Kb6 50. Kxh4 Kc7 51. Kg4 Kd6 52. Kxf4 Kd5 53. Kf5
Kd6 54. Ke4 Ke7 55. f4 Kf6 56. f5 Ke7 57. Ke5 Kf7 58. f6 Ke8 59. Ke6 Kf8 60. f7
1-0

[Event "Flint (Class A/4)"]
[Site "?"]
[Date "1992.??.??"]
[Round "?"]
[White "Boes, Jeff"]
[Black "Walker, Douglas"]
[Result "0-1"]
[WhiteElo "1885"]
[BlackElo "1845"]
[PlyCount "116"]
[EventDate "1992.??.??"]

1. e4 e5 2. Nc3 Nf6 3. f4 Bb4 4. fxe5 Bxc3 5. bxc3 Nxe4 6. Nf3 O-O 7. d4 d5 8.
Bd2 Bg4 9. Bd3 Bxf3 10. Qxf3 Nxd2 11. Kxd2 c5 12. Rhf1 Nc6 13. Bxh7+ Kxh7 14.
Qh5+ Kg8 15. Rf3 Nxe5 16. Qxe5 Re8 17. Qh5 g6 18. Qh6 cxd4 19. cxd4 Qe7 20.
Raf1 Rac8 21. Kc1 Qb4 22. Qd2 Qc4 23. Qd3 Re2 24. Qxc4 Rxc4 25. Rxf7 Rcxc2+ 26.
Kd1 Rxg2 27. Rxb7 Rxa2 28. Kc1 Rxh2 29. Rb8+ Kg7 30. Rb7+ Kh6 31. Rb8 Rhg2 32.
Kb1 Rad2 33. Rb7 Rxd4 34. Rxa7 Rdd2 35. Ra5 Kg5 36. Kc1 Kg4 37. Rg1 g5 38.
Rxg2+ Rxg2 39. Rxd5 Kh4 40. Kd1 g4 41. Ke1 Kg3 42. Kf1 Rc2 43. Rd8 Rc1+ 44. Ke2
Kg2 45. Rg8 g3 46. Rh8 Kg1 47. Rh3 g2 48. Rh8 Rc2+ 49. Ke1 Rc4 50. Ke2 Re4+ 51.
Kd3 Re6 52. Rh7 Kf2 53. Rf7+ Ke1 54. Rg7 Re2 55. Rg8 Rf2 56. Ra8 Rf1 57. Ra1+
Kf2 58. Ra2+ Kf3 0-1

[Event "Flint (Class A/3)"]
[Site "?"]
[Date "1992.??.??"]
[Round "?"]
[White "Boes, Jeff"]
[Black "Steverson, Bunnard"]
[Result "1-0"]
[WhiteElo "1885"]
[BlackElo "1835"]
[PlyCount "149"]
[EventDate "1992.??.??"]

1. e4 c5 2. Nf3 d6 3. Bb5+ Nc6 4. O-O Bd7 5. c3 a6 6. Bxc6 Bxc6 7. Re1 e6 8. d4
d5 9. e5 Ne7 10. Bg5 Qb6 11. b3 h6 12. Be3 Nf5 13. dxc5 Bxc5 14. Bxc5 Qxc5 15.
g4 Ne7 16. Nd4 Ng6 17. Qf3 O-O 18. Nd2 b5 19. b4 Qb6 20. g5 hxg5 21. Re3 Rac8
22. Qh5 Qd8 23. Rh3 Nh4 24. N2f3 Nxf3+ 25. Nxf3 f6 26. Nd4 Qe8 27. Qh7+ Kf7 28.
Rh6 Ke7 29. exf6+ Rxf6 30. Rxf6 Kxf6 31. Re1 Bd7 32. Qd3 Qh5 33. Qg3 Qh4 34.
Qe5+ Kf7 35. Re3 g4 36. Qd6 Qe7 37. Qxa6 Rxc3 38. Rxc3 Qxb4 39. Ne2 Qb1+ 40.
Rc1 Qe4 41. Re1 d4 42. Qa7 Ke8 43. Qxd4 Qf3 44. Ng3 Bc6 45. Rxe6+ Kf7 46. Rxc6
Qxc6 47. Qf4+ Kg8 48. Qxg4 Qc1+ 49. Nf1 Qc6 50. Qf4 Qg6+ 51. Ng3 Qb1+ 52. Kg2
Qxa2 53. Qb8+ Kf7 54. Qxb5 Qa8+ 55. Kh3 Qa7 56. Qf5+ Kg8 57. Ne4 Qa3+ 58. f3
Qa6 59. Qd5+ Kh8 60. Ng5 Qf1+ 61. Kg4 Qg1+ 62. Kf5 Qb1+ 63. Ke6 Qb6+ 64. Kd7
Qa7+ 65. Ke8 Qa4+ 66. Kd8 Qf4 67. Nf7+ Kg8 68. Nd6+ Kh8 69. Qh5+ Kg8 70. Qe8+
Qf8 71. Qxf8+ Kxf8 72. Kd7 g6 73. Ke6 Kg7 74. Nc4 Kh6 75. Kf6 1-0

[Event "Flint (Class C/3)"]
[Site "?"]
[Date "1992.??.??"]
[Round "?"]
[White "Bloch, Hermann"]
[Black "Viskantas, K."]
[Result "0-1"]
[WhiteElo "1605"]
[BlackElo "1605"]
[PlyCount "66"]
[EventDate "1992.??.??"]

1. e4 Nc6 2. d4 d5 3. e5 f6 4. Bb5 Bd7 5. f4 e6 6. Ne2 a6 7. Bxc6 bxc6 8. O-O
c5 9. c3 cxd4 10. cxd4 c5 11. Be3 Rc8 12. Nbc3 Nh6 13. dxc5 Nf5 14. Bf2 Bxc5
15. Qd3 O-O 16. Qxa6 fxe5 17. Bxc5 Rxc5 18. fxe5 d4 19. b4 Rc6 20. Qd3 dxc3 21.
Nxc3 Qb6+ 22. Kh1 Rc7 23. a3 Bc8 24. Rf3 Rd7 25. Qb5 Qc7 26. Qf1 Rfd8 27. Nb5
Qb6 28. Rc1 Bb7 29. Rfc3 Ne3 30. Rxe3 Qxe3 31. Re1 Qd2 32. Nd6 Bxg2+ 33. Kg1
Bxf1 0-1

[Event "Flint (Class C/5)"]
[Site "?"]
[Date "1992.??.??"]
[Round "?"]
[White "Bloch, Hermann"]
[Black "Mannor, Keith"]
[Result "1-0"]
[WhiteElo "1605"]
[BlackElo "1605"]
[PlyCount "115"]
[EventDate "1992.??.??"]

1. d4 d5 2. c4 e6 3. cxd5 exd5 4. Nc3 Bb4 5. Bd2 Nc6 6. e3 a6 7. Bd3 Nge7 8.
Qc2 Be6 9. Nge2 Qd7 10. a3 Ba5 11. O-O Ng6 12. Na4 Bxd2 13. Nc5 Qc8 14. Qxd2 b6
15. Nxe6 Qxe6 16. b4 b5 17. a4 bxa4 18. Rxa4 Nce7 19. b5 a5 20. Rxa5 Rxa5 21.
Qxa5 Qc8 22. Rc1 O-O 23. Rxc7 Qb8 24. Qa7 Qxa7 25. Rxa7 Rb8 26. Nc1 Nc8 27. Rc7
Nd6 28. Rc5 Ne7 29. Nb3 g6 30. f3 Ndf5 31. Kf2 Kg7 32. Na5 Nd6 33. Nc6 Nxc6 34.
bxc6 Rc8 35. e4 dxe4 36. fxe4 Kf8 37. e5 Ne8 38. d5 f6 39. d6 fxe5 40. d7 Rd8
41. dxe8=Q+ Rxe8 42. Be4 Kf7 43. c7 Kf6 44. c8=Q Rxc8 45. Rxc8 Kg5 46. Kg3 h5
47. Rg8 h4+ 48. Kf3 Kf6 49. Rxg6+ Ke7 50. Kg4 h3 51. Kxh3 Kf8 52. g4 Ke8 53.
Rf6 Kd8 54. Rf7 Kc8 55. g5 Kb8 56. g6 Kc8 57. g7 Kd8 58. g8=Q# 1-0

[Event "Flint (Class C/1)"]
[Site "?"]
[Date "1992.??.??"]
[Round "?"]
[White "Bloch, Hermann"]
[Black "Landon, Jason"]
[Result "0-1"]
[WhiteElo "1605"]
[BlackElo "1605"]
[PlyCount "123"]
[EventDate "1992.??.??"]

1. e4 e5 2. Nf3 d6 3. c3 Bg4 4. Be2 Nc6 5. d3 Nf6 6. Be3 g6 7. O-O Bg7 8. h3
Be6 9. Nbd2 O-O 10. Nh2 h5 11. f4 exf4 12. Bxf4 Qd7 13. d4 d5 14. e5 Nh7 15.
Bd3 Ne7 16. Ndf3 Nf5 17. Qe1 f6 18. exf6 Nxf6 19. Ne5 Qc8 20. Nxg6 Re8 21. Be5
Qd7 22. Bxf5 Bxf5 23. Qf2 Bxg6 24. Bxf6 Bxf6 25. Qxf6 Re6 26. Qg5 c6 27. Nf3
Qg7 28. Ne5 Rae8 29. Rf3 R8e7 30. Raf1 Be4 31. Rf8+ Kh7 32. Qxg7+ Rxg7 33. R8f7
Re7 34. Rxe7 Rxe7 35. a4 a5 36. Rf2 c5 37. Nf3 Bxf3 38. Rxf3 cxd4 39. cxd4 Kg6
40. Kf2 Rc7 41. Rc3 Rxc3 42. bxc3 Kf5 43. Kf3 Ke6 44. g4 b5 45. axb5 a4 46. b6
hxg4+ 47. hxg4 Kd6 48. g5 a3 49. g6 a2 50. g7 a1=Q 51. g8=Q Qxc3+ 52. Ke2 Qxd4
53. Qd8+ Kc5 54. Qc7+ Kb4 55. b7 Qe4+ 56. Kd2 Qg2+ 57. Ke3 Qg1+ 58. Kf3 Qh1+
59. Kg4 Qe4+ 60. Kg5 Qg2+ 61. Kf6 Qf3+ 62. Ke5 0-1

[Event "Detroit (MI Action/4)"]
[Site "?"]
[Date "1992.??.??"]
[Round "?"]
[White "Black, T."]
[Black "Woods, I."]
[Result "1-0"]
[WhiteElo "1605"]
[BlackElo "1605"]
[PlyCount "59"]
[EventDate "1992.??.??"]

1. e4 e5 2. Nf3 Nf6 3. Nc3 Nc6 4. d4 d5 5. Bg5 Be7 6. Bb5 a6 7. Bxc6+ bxc6 8.
Nxe5 O-O 9. Nxc6 Qd6 10. Nxe7+ Qxe7 11. O-O dxe4 12. Nxe4 Qxe4 13. Bxf6 Bb7 14.
f3 Qe3+ 15. Kh1 gxf6 16. Re1 Qf4 17. c3 Rae8 18. Qa4 Rxe1+ 19. Rxe1 Qd2 20. Rb1
Kh8 21. Qb4 Rg8 22. Rg1 Bxf3 23. gxf3 Rxg1+ 24. Kxg1 h5 25. Qf8+ Kh7 26. Qxf7+
Kh6 27. Qxc7 Qe1+ 28. Kg2 Kg5 29. Qg3+ Qxg3+ 30. Kxg3 1-0

[Event "Detroit (Pan Am/2)"]
[Site "?"]
[Date "1992.??.??"]
[Round "?"]
[White "Black, T."]
[Black "Thurman, John"]
[Result "1-0"]
[WhiteElo "1605"]
[BlackElo "1730"]
[PlyCount "49"]
[EventDate "1992.??.??"]

1. e4 e5 2. Nf3 Nc6 3. Nc3 Nf6 4. d3 Bb4 5. a3 Bxc3+ 6. bxc3 d5 7. exd5 Nxd5 8.
Bd2 f5 9. Qe2 Qe7 10. g3 O-O 11. Bg2 Nf6 12. O-O e4 13. Rfe1 Re8 14. Nd4 exd3
15. Qxe7 Rxe7 16. cxd3 Rxe1+ 17. Rxe1 Nxd4 18. cxd4 Kf7 19. Rb1 c6 20. a4 a6
21. Bb4 Bd7 22. Bc5 b5 23. axb5 Rb8 24. b6 Nd5 25. b7 1-0

[Event "Detroit (Pan Am/4)"]
[Site "?"]
[Date "1992.??.??"]
[Round "?"]
[White "Black, T."]
[Black "Pratto, R."]
[Result "0-1"]
[WhiteElo "1605"]
[BlackElo "1605"]
[PlyCount "94"]
[EventDate "1992.??.??"]

1. e4 c5 2. Bc4 d6 3. Nc3 Nf6 4. h3 e5 5. d3 a6 6. a4 Be7 7. Nf3 O-O 8. O-O Nc6
9. Ng5 Nd4 10. Bxf7+ Rxf7 11. Nxf7 Kxf7 12. Ne2 Be6 13. Nxd4 cxd4 14. f4 Ke8
15. c3 Qb6 16. c4 Bf7 17. g4 Kd7 18. fxe5 dxe5 19. Qc2 Rf8 20. a5 Qa7 21. Rf3
Be6 22. Qf2 Bc5 23. g5 Nxe4 24. dxe4 d3 25. Be3 Rxf3 26. Bxc5 Rxf2 27. Bxa7
Rxb2 28. h4 Bxc4 29. Bb8 Ke6 30. Ba7 d2 31. Be3 Rc2 32. Rb1 Be2 33. Bxd2 Rxd2
34. Rxb7 Rd7 35. Rb6+ Ke7 36. Kf2 Bb5 37. Rb8 g6 38. Rb6 Rc7 39. Rb8 Kd6 40.
Rd8+ Bd7 41. Rf8 Bc6 42. Rd8+ Kc5 43. Rb8 Bxe4 44. Rb6 Bd3 45. Ke3 Bb5 46. Re6
Kd5 47. Re8 Bxe8 0-1

[Event "Detroit (MI Action/5)"]
[Site "?"]
[Date "1992.??.??"]
[Round "?"]
[White "Black, T."]
[Black "LaMar, Frank"]
[Result "0-1"]
[WhiteElo "1605"]
[BlackElo "1925"]
[PlyCount "52"]
[EventDate "1992.??.??"]

1. e4 c5 2. Bc4 e6 3. Nc3 Ne7 4. Nf3 d5 5. Bb5+ Bd7 6. exd5 exd5 7. Bxd7+ Nxd7
8. O-O Qa5 9. Re1 Nf6 10. d4 h6 11. Bd2 cxd4 12. Nxd4 O-O-O 13. Ncb5 Qb6 14. b3
a6 15. Nc3 Qxd4 16. g3 Nc6 17. Qf3 Qxd2 18. Na4 Bb4 19. g4 Ne4 20. Rxe4 dxe4
21. Qg3 Bd6 22. Qg2 e3 23. Qf1 e2 24. Qe1 Qxe1+ 25. Rxe1 Rhe8 26. Nb6+ Kb8 0-1

[Event "Detroit (MI Action/2)"]
[Site "?"]
[Date "1992.??.??"]
[Round "?"]
[White "Berry, M."]
[Black "Kane, Paul"]
[Result "0-1"]
[WhiteElo "1605"]
[BlackElo "1605"]
[PlyCount "54"]
[EventDate "1992.??.??"]

1. d4 d5 2. Nc3 Nf6 3. Nf3 c5 4. dxc5 Nc6 5. e3 Bg4 6. Be2 e6 7. O-O Bxc5 8. a3
O-O 9. b4 Bd6 10. Bb5 Ne5 11. Be2 Qc7 12. Bb2 Rac8 13. b5 Bxf3 14. Bxf3 Nxf3+
15. Qxf3 Bxh2+ 16. Kh1 Be5 17. e4 Bxc3 18. Bxc3 Qxc3 19. Qe2 Nxe4 20. Rac1 Qg3
21. fxg3 Nxg3+ 22. Kh2 Nxe2 23. Rb1 Rxc2 24. b6 a6 25. Rbd1 Rfc8 26. Rf2 R8c4
27. Re1 Rh4# 0-1

[Event "Detroit (MI Action/4)"]
[Site "?"]
[Date "1992.??.??"]
[Round "?"]
[White "Berry, M."]
[Black "Davis, C."]
[Result "1-0"]
[WhiteElo "1605"]
[BlackElo "1605"]
[PlyCount "45"]
[EventDate "1992.??.??"]

1. Nc3 d5 2. d4 Nc6 3. e3 e6 4. Be2 Nf6 5. Nf3 Qd6 6. Nb5 a6 7. Nxd6+ cxd6 8.
Ng5 h6 9. Nf3 Ng4 10. O-O h5 11. Nd2 Nb4 12. Nb3 Bd7 13. Na5 Rc8 14. e4 Nxc2
15. Bf4 Nxa1 16. Nxb7 Nc2 17. Nxd6+ Bxd6 18. Bxd6 Nxd4 19. Qxd4 Rc4 20. Bxc4
dxc4 21. Qxg7 Rf8 22. Qg5 Rh8 23. Qe7# 1-0

[Event "Flint (Class DE/3)"]
[Site "?"]
[Date "1992.??.??"]
[Round "?"]
[White "Berlinger, G."]
[Black "Tillery, G."]
[Result "1-0"]
[WhiteElo "1605"]
[BlackElo "1605"]
[PlyCount "135"]
[EventDate "1992.??.??"]

1. e4 c5 2. Nf3 Nc6 3. Bc4 d6 4. Ng5 e6 5. d3 h6 6. Nf3 g6 7. d4 cxd4 8. Nxd4
Bg7 9. Bb5 Nge7 10. Be3 O-O 11. Nc3 Kh7 12. h4 Nxd4 13. Bxd4 Bxd4 14. Qxd4 e5
15. Qe3 f5 16. h5 f4 17. hxg6+ Nxg6 18. Qf3 Qg5 19. O-O-O Bg4 20. Qd3 Bxd1 21.
Kxd1 Qxg2 22. Qh3 Qxh3 23. Rxh3 Ne7 24. Rd3 Rad8 25. Bc4 Rf6 26. Nb5 Nc8 27. a4
a6 28. Nc7 Rg6 29. Bd5 Rg1+ 30. Ke2 b6 31. Nxa6 Ne7 32. Be6 Nc6 33. c3 Kg7 34.
Rd5 Kf6 35. Bf5 Na7 36. Nc7 h5 37. Ne6 Rd7 38. Nf8 Rd8 39. Nd7+ Ke7 40. Nxb6
Rb8 41. Nc4 Rd8 42. Ra5 Nc8 43. Ra8 d5 44. Nxe5 dxe4 45. Nc6+ Kf6 46. Nxd8 f3+
47. Kd2 Kxf5 48. Rxc8 Kg4 49. Ne6 Kh3 50. Nf4+ Kh4 51. b4 Rf1 52. Ke3 Re1+ 53.
Kd4 e3 54. fxe3 f2 55. Ng6+ Kg3 56. Rf8 f1=Q 57. Rxf1 Rxf1 58. b5 Rf6 59. Nf4
h4 60. Nh5+ Kg4 61. Nxf6+ Kg5 62. Ne4+ Kg4 63. Nf2+ Kg3 64. Nh1+ Kg2 65. b6 h3
66. b7 Kxh1 67. b8=Q h2 68. Qxh2+ 1-0

[Event "Flint (Class DE/1)"]
[Site "?"]
[Date "1992.??.??"]
[Round "?"]
[White "Berlinger, G."]
[Black "Shoulders, C."]
[Result "1-0"]
[WhiteElo "1605"]
[BlackElo "1605"]
[PlyCount "99"]
[EventDate "1992.??.??"]

1. e4 e5 2. Nf3 Nc6 3. Bb5 Nf6 4. d3 Bc5 5. h3 O-O 6. O-O d6 7. Bg5 h6 8. Bh4
a6 9. Bc4 b5 10. Bd5 Bb7 11. Qd2 Rb8 12. c3 Na7 13. b4 Bxd5 14. bxc5 Bc6 15.
Qe3 Nc8 16. Nbd2 Qe7 17. Nb3 Qe6 18. Rfb1 Nd7 19. cxd6 cxd6 20. Na5 Ba8 21. a4
d5 22. exd5 Bxd5 23. axb5 Rxb5 24. Rxb5 axb5 25. Rb1 Bxf3 26. Qxf3 Qa2 27. Rxb5
Qa1+ 28. Kh2 Qxc3 29. Qf5 Nd6 30. Qxd7 Nxb5 31. Qxb5 Qc7 32. Bg3 Rb8 33. Qxe5
Qxe5 34. Bxe5 Rb5 35. Nc4 f6 36. Ba1 Rb1 37. Bb2 Rd1 38. d4 Rd3 39. g4 g5 40.
Kg2 Kg7 41. Ne3 Rb3 42. Nf5+ Kg6 43. Bc1 Rc3 44. Bd2 Rd3 45. Ba5 Rb3 46. Bd8
Rb8 47. Bc7 Rb7 48. Bd8 Rd7 49. Ba5 Rd5 50. Ne7+ 1-0

[Event "Flint (Class DE/5)"]
[Site "?"]
[Date "1992.??.??"]
[Round "?"]
[White "Berlinger, G."]
[Black "Purkey, L."]
[Result "1-0"]
[WhiteElo "1605"]
[BlackElo "1605"]
[PlyCount "67"]
[EventDate "1992.??.??"]

1. e4 d6 2. Nf3 Nf6 3. Nc3 g6 4. d4 Bg7 5. Bg5 h6 6. Bh4 O-O 7. Bc4 Nc6 8. Qe2
a5 9. O-O-O Nb8 10. e5 Nfd7 11. exd6 cxd6 12. Bxe7 Qe8 13. Bxf8 Qxf8 14. Rhe1
Nc6 15. Qe8 Qxe8 16. Rxe8+ Bf8 17. Ne4 Kg7 18. h4 Nb6 19. Ned2 Ra7 20. h5 g5
21. Nh2 Nxd4 22. Ne4 Nf5 23. g4 Nxc4 24. Rxc8 Nb6 25. Rc7 d5 26. gxf5 dxe4 27.
c4 Na4 28. Rdd7 Ra6 29. Rxf7+ Kg8 30. Ng4 Nc5 31. Nf6+ Rxf6 32. Rxf6 Nd3+ 33.
Kd2 Nf4 34. Rc8 1-0

[Event "Flint (Class DE/5)"]
[Site "?"]
[Date "1992.??.??"]
[Round "?"]
[White "Berlinger, Brian"]
[Black "Scott, A."]
[Result "1-0"]
[WhiteElo "1605"]
[BlackElo "1605"]
[PlyCount "45"]
[EventDate "1992.??.??"]

1. d4 e6 2. e3 d5 3. Nf3 Nc6 4. Nc3 Bd6 5. b3 Nf6 6. a3 O-O 7. Bd3 h6 8. e4 Re8
9. e5 Bxe5 10. Nxe5 Nxe5 11. dxe5 Nd7 12. Qg4 Nxe5 13. Qg3 Nc6 14. Bxh6 Kf8 15.
Qxg7+ Ke7 16. Bg5+ Kd7 17. Qxf7+ Re7 18. Qf4 b6 19. Nb5 Bb7 20. O-O Kc8 21.
Rae1 Qg8 22. Bxe7 Nxe7 23. Qxc7# 1-0

[Event "Flint (Class DE/4)"]
[Site "?"]
[Date "1992.??.??"]
[Round "?"]
[White "Berlinger, Bradley"]
[Black "Mitchell, Dave"]
[Result "0-1"]
[WhiteElo "1605"]
[BlackElo "1605"]
[PlyCount "64"]
[EventDate "1992.??.??"]

1. e4 c6 2. Nc3 d5 3. d3 e5 4. exd5 cxd5 5. Qe2 Nc6 6. Nf3 Bg4 7. h3 Bxf3 8.
gxf3 Nf6 9. f4 Bb4 10. fxe5 Nd4 11. Qd1 Qe7 12. Bf4 Rc8 13. Be2 Rxc3 14. bxc3
Bxc3+ 15. Kf1 Nxe2 16. Kxe2 Bxa1 17. Qxa1 Nd7 18. Kf1 O-O 19. Qd4 Nb6 20. c4
dxc4 21. dxc4 Rd8 22. Qe4 Qe6 23. c5 Nc8 24. Qxb7 Qc4+ 25. Kg1 Qxf4 26. e6 fxe6
27. c6 Rd1+ 28. Kg2 Qg5+ 29. Kh2 Qe5+ 30. Kg2 Qd5+ 31. f3 Qg5+ 32. Kh2 Rd2# 0-1

[Event "Flint (Class DE/3)"]
[Site "?"]
[Date "1992.??.??"]
[Round "?"]
[White "Berlinger, Bradley"]
[Black "Garfield, G."]
[Result "1-0"]
[WhiteElo "1605"]
[BlackElo "1605"]
[PlyCount "101"]
[EventDate "1992.??.??"]

1. e4 e5 2. Nf3 Nc6 3. d3 Bc5 4. Nc3 Nf6 5. g3 Ng4 6. Be3 Bxe3 7. fxe3 Nxe3 8.
Qd2 Nxf1 9. Rxf1 d6 10. O-O-O Bg4 11. Rf2 Nd4 12. Rdf1 Nxf3 13. Rxf3 Bxf3 14.
Rxf3 a5 15. d4 exd4 16. Qxd4 O-O 17. b3 Qd7 18. Nd5 f6 19. Qc4 c6 20. Nb6+ Qf7
21. Qxf7+ Kxf7 22. Nxa8 Rxa8 23. h4 Ke6 24. Kd2 c5 25. Kd3 a4 26. Kc4 axb3 27.
axb3 Ra2 28. Rf2 Ke5 29. Re2 h5 30. Kb5 Kd4 31. c3+ Kxc3 32. Rxa2 Kxb3 33. Ra4
g5 34. Ra7 c4 35. Rxb7 c3 36. Kc6+ Ka2 37. Kxd6 c2 38. Rc7 Kb1 39. Ke6 gxh4 40.
gxh4 f5 41. exf5 c1=B 42. Rxc1+ Kxc1 43. f6 Kd2 44. f7 Ke2 45. f8=Q Ke3 46. Qb4
Kf3 47. Kf5 Kg3 48. Qc4 Kh3 49. Qg8 Kh2 50. Kf4 Kh1 51. Kf3 1-0

[Event "Ann Arbor (HVA/2)"]
[Site "?"]
[Date "1992.??.??"]
[Round "?"]
[White "Bemben, R."]
[Black "Harlan, K."]
[Result "1-0"]
[WhiteElo "1865"]
[BlackElo "1670"]
[PlyCount "69"]
[EventDate "1992.??.??"]

1. c4 e5 2. Nc3 Nf6 3. Nf3 Nc6 4. e3 Bb4 5. Nd5 Nxd5 6. cxd5 Ne7 7. Nxe5 d6 8.
Qa4+ Kf8 9. Nxf7 Kxf7 10. Qxb4 Nxd5 11. Bc4 c6 12. O-O Ke8 13. Bxd5 cxd5 14.
Qb5+ Qd7 15. Qxd5 h5 16. b3 Qe6 17. Qf3 g5 18. Bb2 g4 19. Qe2 Rg8 20. Qb5+ Bd7
21. Qxh5+ Rg6 22. f4 gxf3 23. Rxf3 Kd8 24. Qh4+ Kc7 25. Rc1+ Bc6 26. Qh7+ Kb6
27. Bd4+ Ka6 28. Rxc6+ bxc6 29. Qc7 Qe4 30. Kf2 c5 31. Bc3 Rag8 32. Qa5+ Kb7
33. Rf7+ Kc6 34. Qc7+ Kd5 35. Qb7+ 1-0

[Event "Ann Arbor (HVA/5/2)"]
[Site "?"]
[Date "1992.??.??"]
[Round "?"]
[White "Bemben, R."]
[Black "Bauerle, Paul"]
[Result "0-1"]
[WhiteElo "1865"]
[BlackElo "1980"]
[PlyCount "122"]
[EventDate "1992.??.??"]

{5/(2)} 1. d4 Nf6 2. Nf3 g6 3. c4 Bg7 4. Nc3 d6 5. Bg5 O-O 6. Qd2 c5 7. d5 Qb6
8. e4 a5 9. Rb1 Re8 10. Bd3 Nbd7 11. h3 Nf8 12. O-O N6d7 13. Nb5 e5 14. Rfe1 h5
15. Bh4 Nf6 16. Nh2 Bd7 17. Nc3 Qc7 18. Qe2 N6h7 19. f3 g5 20. Bf2 Ng6 21. g4
Nf4 22. Qf1 Nf8 23. Bc2 a4 24. Be3 N8g6 25. Ne2 h4 26. Kf2 Qa5 27. Nc3 Reb8 28.
Rec1 b5 29. cxb5 Bxb5 30. Nxb5 Qxb5 31. Qxb5 Rxb5 32. Rd1 Nxh3+ 33. Ke1 Nhf4
34. Bd2 Bf8 35. Nf1 a3 36. b3 Be7 37. Ne3 Kg7 38. Nc4 h3 39. Kf2 h2 40. Rh1 Rh8
41. Nxa3 Rbb8 42. Nc4 Rh3 43. Ne3 Nh4 44. Nf5+ Nxf5 45. gxf5 g4 46. Bxf4 exf4
47. fxg4 Bh4+ 48. Kg2 Rg3+ 49. Kf1 Rf3+ 50. Ke2 Re3+ 51. Kd2 Rh8 52. Rhf1 Bg3
53. a4 Kf6 54. a5 Ke5 55. g5 Kd4 56. a6 f3 57. g6 fxg6 58. fxg6 f2 59. g7 Ra8
60. a7 Re1 61. e5 Bf4# 0-1

[Event "Flint (Class DE/2)"]
[Site "?"]
[Date "1992.??.??"]
[Round "?"]
[White "Belill, Mike"]
[Black "Lootens, J."]
[Result "1-0"]
[WhiteElo "1605"]
[BlackElo "1605"]
[PlyCount "83"]
[EventDate "1992.??.??"]

1. e4 e5 2. Nf3 Nc6 3. Bc4 Bc5 4. c3 Nf6 5. d3 h6 6. Bb3 d5 7. exd5 Nxd5 8. Qe2
O-O 9. O-O Re8 10. Bc2 Nf4 11. Qe4 Qd5 12. Qxd5 Nxd5 13. Nxe5 Bd6 14. Nxc6 bxc6
15. Na3 Rb8 16. Nc4 Bf4 17. Bxf4 Nxf4 18. Rfe1 Be6 19. Rab1 Rbd8 20. Rbd1 Re7
21. Ne5 Bd5 22. g3 Nh3+ 23. Kf1 Rde8 24. d4 Kf8 25. c4 Bh1 26. Ba4 Re6 27. Rd3
f6 28. Nd7+ Kf7 29. Rxe6 Kxe6 30. Nc5+ Kf7 31. d5 Rb8 32. Bxc6 Rxb2 33. Re3
Rxf2+ 34. Ke1 Rxa2 35. Be8+ Kf8 36. Bg6 Ra1+ 37. Kd2 Ra2+ 38. Kc1 Be4 39. Rxe4
Ra1+ 40. Kb2 Re1 41. Rxe1 Ng5 42. Re8# 1-0

[Event "Flint (Class DE/1)"]
[Site "?"]
[Date "1992.??.??"]
[Round "?"]
[White "Belill, Mike"]
[Black "Kinney, J."]
[Result "0-1"]
[WhiteElo "1605"]
[BlackElo "1605"]
[PlyCount "112"]
[EventDate "1992.??.??"]

1. e4 d5 2. exd5 Qxd5 3. Nc3 Qa5 4. Nf3 Bg4 5. Be2 Nf6 6. O-O Nbd7 7. d4 e6 8.
a3 Bd6 9. Be3 O-O 10. Nb5 Be7 11. c4 c6 12. b4 Qd8 13. Nc3 b6 14. Ng5 Bxe2 15.
Qxe2 Qc7 16. Rfd1 Bd6 17. g3 e5 18. d5 a5 19. c5 bxc5 20. bxc5 Nxc5 21. Bxc5
Bxc5 22. dxc6 Qxc6 23. Nge4 Bd4 24. Rac1 Bxc3 25. Nxf6+ gxf6 26. Rd3 Rac8 27.
Rdxc3 Qxc3 28. Rxc3 Rxc3 29. a4 Kg7 30. Qg4+ Kh8 31. Qf5 Rc6 32. h4 Rg8 33. Qd7
Rc1+ 34. Kg2 Kg7 35. Qb5 Ra8 36. Qd5 Ra7 37. Qe4 h5 38. g4 hxg4 39. Qxg4+ Kh6
40. Qf3 Kg7 41. Qe3 Rac7 42. h5 Rc8 43. h6+ Kh7 44. Qh3 Rg8+ 45. Kh2 Rg6 46.
Qf5 Rc4 47. Kh3 Rxa4 48. Qd7 Rxh6+ 49. Kg2 Rg6+ 50. Kf1 Ra1+ 51. Ke2 Kg7 52.
Qd5 a4 53. f4 exf4 54. Qd4 Rgg1 55. Qxf4 a3 56. Qd4 a2 0-1

[Event "Flint (Class DE/5)"]
[Site "?"]
[Date "1992.??.??"]
[Round "?"]
[White "Belill, Mike"]
[Black "Barker, Scott"]
[Result "1-0"]
[WhiteElo "1605"]
[BlackElo "1605"]
[PlyCount "87"]
[EventDate "1992.??.??"]

1. e4 e5 2. Nf3 Nc6 3. Bc4 Nf6 4. d3 h6 5. O-O Bc5 6. c3 d6 7. h3 a6 8. Re1 O-O
9. Bb3 Re8 10. Nbd2 Be6 11. Bc2 d5 12. Nxe5 Qd6 13. Nxc6 Qxc6 14. d4 Bb6 15.
Ba4 Qd6 16. Bxe8 dxe4 17. Ba4 c6 18. Qc2 Bc7 19. Nf1 b5 20. Bb3 Bxb3 21. axb3
c5 22. dxc5 Qxc5 23. Be3 Qe5 24. Bd4 Qf4 25. Bxf6 Qxf6 26. Qxe4 Rd8 27. Rad1
Rxd1 28. Rxd1 Bb6 29. Qf3 Qxf3 30. gxf3 b4 31. c4 a5 32. Ne3 Bxe3 33. fxe3 g5
34. c5 g4 35. fxg4 h5 36. c6 a4 37. bxa4 b3 38. c7 hxg4 39. c8=Q+ Kg7 40. Qxg4+
Kh8 41. Kh2 f5 42. Qg5 f4 43. Rg1 Kh7 44. Qg7# 1-0

[Event "Detroit (MI Op/6/34)"]
[Site "?"]
[Date "1992.??.??"]
[Round "?"]
[White "Bee, A."]
[Black "Kruskie, Jerry"]
[Result "0-1"]
[WhiteElo "1930"]
[BlackElo "1840"]
[PlyCount "102"]
[EventDate "1992.??.??"]

{6/(34)} 1. d4 Nf6 2. Nf3 e6 3. e3 b6 4. Bd3 Bb7 5. O-O c5 6. c3 Be7 7. Nbd2 d5
8. Re1 Ne4 9. Ne5 Nd7 10. Nxe4 Nxe5 11. dxe5 dxe4 12. Bb5+ Kf8 13. Qxd8+ Rxd8
14. b3 g6 15. Bb2 Kg7 16. Rad1 Rxd1 17. Rxd1 Rd8 18. Rxd8 Bxd8 19. Be2 Bc7 20.
c4 h5 21. h4 Kh6 22. Bc3 g5 23. hxg5+ Kxg5 24. f4+ exf3 25. gxf3 Kf5 26. Bd3+
Kg5 27. Be2 Kf5 28. e4+ Kf4 29. Kf2 Bd8 30. Bd2+ Kxe5 31. f4+ Kd4 32. Bxh5 Kd3
33. Ke1 Bxe4 34. Kd1 Bg6 35. Bf3 Bf6 36. Bg4 Bd4 37. Bc1 Be3 38. Bb2 Bxf4 39.
Bf6 Ke4 40. Ke2 Be5 41. Bg5 Kd4 42. Kd2 Ke4 43. Ke2 f6 44. Bc1 Bf7 45. Bd2 Bd4
46. Be1 f5 47. Bf3+ Ke5 48. Bh4 Kd6 49. Kd3 e5 50. Bg2 e4+ 51. Kd2 Bg6 0-1